Muerte súbita - Ciudades de Centroamérica - Estadísticas

Estadísticas generales
  • Esta prueba ha sido intentada 11 veces
  • La puntuación promedio es 3 de 15
Answers on the Grid
Answers color-coded by a green-red scale on the quiz's grid according to % correct below.
 
Estadísticas de respuestas
Respuesta % Correcto
100%
50%
33%
33%
33%
17%
17%
17%
17%
0%
0%
0%
0%
0%
0%
No se encontraron pruebas coincidentes
Distribución de puntuación
Porcentaje de gente con cada puntuación
Porcentaje por número respondido
Historial de tus puntuaciones
No has intentado esta prueba.